000 00367nam a2200145Ia 4500
008 230917s9999||||xx |||||||||||||| ||und||
040 _e52047
_aMAIN
041 _aEnglish
082 _aB F39R:B
100 _aReddy, C G K
245 0 _aBaroda dynamite conspiracy: The right to rebel
260 _aNew Delhi
_bVision Books
_c1977
300 _a176 p.
942 _cBK
999 _c155856
_d155856